000 00374nam a2200121 4500
999 _c14016
_d14016
008 190730b ||||| |||| 00| 0 eng d
100 _938995
_aCasamayor, Lyka Amethyst H.
245 _aGroup halal cert pushed for smes/
_cLyka Amethyst H. Casamayor
260 _aDavao City:
_bSun Star Davao;
_cc2019.
300 _apage 8.
650 0 _938996
_aIndustries.
942 _2ddc
_cPER